[Event "Linares 26th"]
[Site "Linares"]
[Date "2009.02.28"]
[Round "8"]
[White "Carlsen, Magnus"]
[Black "Aronian, Levon"]
[Result "0-1"]
[WhiteElo "2776"]
[BlackElo "2750"]
[Annotator "Krasenkow,Michal"]
[PlyCount "186"]
[EventDate "2009.02.19"]
[EventType "tourn"]
[EventRounds "14"]
[EventCountry "ESP"]
[EventCategory "21"]
[SourceTitle "CBM 129"]
[Source "ChessBase"]
[SourceDate "2009.03.25"]
[SourceVersion "1"]
[SourceVersionDate "2009.03.25"]
[SourceQuality "1"]

1. d4 d5 2. c4 c6 3. Nf3 Nf6 4. Nc3 e6 5. e3 Nbd7 6. Qc2 Bd6 7. g4 h6 8. Bd2 dxc4 $1 {GM Lars Schandorff extensively deals with this system in his survey (CBM 125). And indeed, Black obtains a good position here.} 9. Bxc4 b5 10. Be2 Bb7 11. e4 Be7 12. g5 hxg5 13. Nxg5 b4 {Or else:} (13... Rc8 14. Rg1 Nf8 15. e5 b4 16. Na4 N6d7 17. Ne4 c5 18. Nexc5 Bxc5 19. Nxc5 Nxc5 20. dxc5 Qd4 21. Be3 Qxe5 22. Bb5+ Ke7 23. O-O-O $36 {1-0 Harika,D (2455)-Van den Bersselaar,J (2164)/Gibraltar 2008/CBM 122 Extra (26)}) (13... Kf8 14. Rg1 b4 15. Na4 c5 16. e5 Ne8 17. Nxf7 $1 Kxf7 18. Qg6+ Kf8 19. Qxe6 cxd4 20. Qf5+ Ndf6 21. exf6 Nxf6 22. Nc5 Bd5 23. Rc1 $36 {1-0 Petrosian,T (2616)-Pruess,D (2425)/Las Vegas 2008/CBM 124 Extra (33)}) (13... Qb6 14. O-O-O Qxd4 15. Be3 Qb4 (15... Qe5 16. f4 Qb8 17. Rhg1 (17. Kb1 $1 $36) 17... Bc5 18. Qd2 Qc7 19. Bxc5 Nxc5 20. e5 b4 $2 (20... Nd5) 21. exf6 bxc3 22. Qd4 $1 gxf6 23. Nh7 cxb2+ 24. Kb1 Nd7 25. Qxd7+ Qxd7 26. Nxf6+ Ke7 27. Nxd7 $18 {1-0 Miedema,R (2208)-Ris,R (2377)/Venlo 2007/EXT 2009 (39)}) 16. f4 a6 (16... Qa5 17. f5 e5 18. Rhg1 Bc5 19. Bxc5 Nxc5 20. Kb1 $36 Ncd7 $2 21. Qb3 Rf8 22. Ne6 $1 fxe6 23. Bh5+ Kd8 24. fxe6 Nxh5 25. Rxd7+ Kc8 26. Qd1 Rh8 27. Qd6 $18 {1-0 Nielsen,P (2653)-Smeets,J (2518)/Warsaw 2005/CBM 108 (33)}) 17. f5 exf5 18. e5 Nxe5 19. Qxf5 Neg4 20. Bxg4 Qxg4 21. Qe5 Nd7 22. Rxd7 Qxd7 23. Rd1 Qg4 24. Qxg7 Rf8 25. Nce4 $44 {1/2 Nyback,T (2575)-Smeets,J (2525)/Germany 2007/CBM 118 (67)}) (13... c5 $5 {deserves serious attention:} 14. dxc5 (14. d5 $142 $5 {, which needs practical tests}) 14... b4 $1 {better than} (14... Nxc5 15. Bxb5+ Nfd7 (15... Kf8 16. O-O-O $36) 16. Rg1 a6 17. Be2 (17. e5 axb5 $1 (17... Bxg5 18. Bxg5 Qc7 19. Bxd7+ Qxd7 20. Rd1 Qc7 21. Rd6 Rxh2 {1-0 Czakon,J (2484)-Savchenko,S (2508)/Montpellier 2006/CBM 113 ext (40)}) 18. Nxf7 Qb8 $1 19. Nxh8 Nxe5 $1 $36 {[%csl Re1]} 20. O-O-O $140 Rxa2 $3 21. Nxa2 Be4 22. Qc3 Ned3+ 23. Kb1 Nb4+ 24. Ka1 Nc2+ 25. Kb1 Nd4+ $19) 17... Ne5 18. Rd1 Ncd3+ $6 (18... Qc7 $13) 19. Kf1 Nxf2 $2 (19... Rxh2 20. Be3 Bxg5 21. Rxg5 Qxg5 22. Bxg5 Rxf2+ 23. Kg1 Nf3+ 24. Bxf3 Rxc2 25. Rxd3 Rxb2 $14) 20. Kxf2 Bc5+ 21. Kg2 Qf6 22. Rgf1 Qh6 23. Bf4 Be3 24. Bxe5 Qxg5+ 25. Bg3 {1-0 Nyback,T (2634)-Kojima,S (2272)/Beijing 2008/CBM 126 Extra}) 15. Na4 Rh4 $1 16. c6 Rc8 $1 17. Bb5 (17. cxd7+ Nxd7) 17... a6 18. cxd7+ Nxd7 19. Bxd7+ Qxd7 20. Qb3 Qb5 21. Nc3 bxc3 22. bxc3 f6 23. Qxb5+ axb5 24. Nf3 Rxe4+ $19 {0-1 Epiney,F (2382)-Bubir,S (2398)/IECG 2007/CBM 125/[Schandorff] (41)}) 14. Na4 c5 $1 {Even now this move is correct. Before the present encounter it had only been played in a computer-assisted game in a Freestyle event.} (14... Qa5 15. Rg1 c5 16. e5 cxd4 17. exf6 Bxf6 18. Rc1 (18. a3 $1) 18... Rxh2 $2 (18... Rc8 $1 $13) 19. Qc7 Qxc7 20. Rxc7 Bc8 21. Bxb4 $18 {1-0 Watson,J (2400)-Pozarek,S (2185)/Philadelphia 1993/EXT 1999 (43)}) (14... Rc8 15. e5 Nd5 16. Nxe6 fxe6 17. Qg6+ Kf8 18. Rg1 Bf6 19. exf6 Qxf6 20. Qg3 $16 e5 21. dxe5 Qxe5 $2 22. Nc5 $1 Qxg3 23. Nxd7+ Ke8 24. Rxg3 Kxd7 25. Rxg7+ $18 {1-0 Jankovic,A (2525)-Sriram,J (2408)/Kavala 2006/CBM 113 ext (31)}) (14... Qc7 15. e5 (15. O-O-O $5) 15... Nd5 16. Rg1 Bxg5 17. Bxg5 Rxh2 18. Bg4 c5 19. Rc1 Kf8 (19... c4 20. Bxe6 $1) 20. Nxc5 Nxc5 21. Qxc5+ Qxc5 22. Rxc5 $14 {1-0 Nyback,T (2585)-Jaracz,P (2490)/Dresden 2007/CBM 118 (48)}) 15. Nxc5 (15. dxc5 $6 Rh4 $1 {- see above 13...c5.}) 15... Nxc5 16. dxc5 Rc8 17. Qa4+ $146 (17. Bxb4 Nd7 18. Bb5 O-O 19. Bxd7 Qxd7 20. h4 f6 21. Nf3 Qb5 22. Bc3 Rxc5 23. O-O-O e5 24. Rde1 Rc7 $44 {1/2 "Rybusia"-"Badbishop1"/playchess.com 2007 (64)}) ({RR} 17. Bxb4 Nd7 18. Bb5 O-O 19. Bxd7 Qxd7 20. h4 f6 21. Nf3 Qb5 22. Bc3 Rxc5 23. O-O-O e5 24. Rde1 Rc7 25. Nd2 Bc5 26. f3 Ba6 27. Kb1 Bd4 28. Ka1 Bxc3 29. bxc3 Rd8 30. Nb1 Qd3 31. Qxd3 Rxd3 {Rybusia-Badbishop1 Playchess.com INT 2007 ½-½ (64)}) 17... Bc6 18. Bb5 Bxb5 19. Qxb5+ Qd7 20. Qxd7+ Nxd7 21. Ke2 Rh4 22. Rac1 Rxc5 23. Rxc5 Bxc5 $15 {[%mdl 4096] So, Black has recaptured the sacrificed pawn and obtained a slightly better endgame due to the weakness of White's h- and a-pawns.} 24. f4 $6 (24. f3 {was probably more accurate (I.Ganiev).}) 24... e5 $1 25. h3 exf4 26. Nf3 Rh6 $17 {[%csl Ra2,Re4,Rh3]} 27. Bxf4 Re6 (27... Rg6 $5) 28. Nd2 Bd4 29. Rb1 (29. a3 Bxb2 30. axb4 Bc3 {loses a pawn anyway}) 29... Ra6 30. a3 $5 (30. Kd3 $5 Bf6) 30... bxa3 31. bxa3 Rxa3 32. Nc4 Ra2+ 33. Kd3 Bf2 34. Bd6 {White has given up a pawn but activated his pieces, and it is not easy for Black to convert his material advantage.} Nb6 (34... a5 35. Rb7 Nc5+ 36. Bxc5 Bxc5 37. Ne5 $132) 35. Bb4 Nxc4 36. Kxc4 Bb6 37. Kd5 Rg2 38. Rb3 Rg5+ 39. e5 Bc7 $2 {Exchanging the bishops is a wrong decision. Rook endgames are famous for their drawish tendencies, and this one is no exception.} (39... Rg1 $142 $17 {I.Ganiev}) 40. Bd6 Bxd6 41. Kxd6 Rg6+ 42. Kd5 Rb6 43. Rc3 Kd7 44. Rf3 Ke7 45. Rc3 Rb7 (45... Rb5+ 46. Kd4 Kd7 47. Rg3 $1 g6 48. Rf3 Ke7 49. Rc3 {doesn't change much}) 46. Rc6 g6 47. Ra6 {[%csl Ga6]} Kf8 (47... Rc7 48. Ra1 Kd7 49. Ra6 Kc8 {is senseless due to} 50. e6 fxe6+ 51. Rxe6 Rg7 52. Ke5 {winning the g6 pawn with a draw.}) 48. Ke4 Kg7 49. Kf4 Re7 50. Ra5 Kh6 51. Kg4 a6 {Black has no other way to make progress but the resulting ending is theoretically drawn.} 52. Rxa6 {There is no need for an engine-driver to look for new ways like} (52. Kf4 {Amazingly, Magnus Carlsen's train finally derails anyway!}) 52... Rxe5 53. Rb6 Re3 54. Ra6 f5+ 55. Kh4 Re4+ 56. Kg3 Kg5 57. Ra3 Re2 58. Kf3 Rh2 59. Kg3 Rb2 60. Ra8 (60. Rc3 {was good enough, e.g.} f4+ 61. Kf3 Rh2 62. Rc5+ Kh4 63. Kxf4 Rf2+ (63... Rxh3 64. Rg5 $1) 64. Ke3 Rf6 (64... Rb2 65. Rc6) 65. Ra5 Kxh3 66. Rg5 Kh4 67. Rg1 g5 68. Rh1+ $11) 60... Rb3+ 61. Kg2 Kf4 62. Ra4+ Ke3 63. h4 (63. Kg3 $5) 63... Rb6 (63... f4 64. Ra6 $11) 64. Kg3 Rd6 65. Rf4 Rd1 66. Rf3+ Ke4 67. Rf4+ Ke5 68. Ra4 f4+ 69. Kg2 Rd2+ 70. Kf3 Rd3+ 71. Kg2 Rg3+ 72. Kh2 (72. Kf2 $2 Rh3 73. Ra5+ Kf6 74. Ra6+ Kg7) 72... Kf5 73. Ra6 Re3 74. Ra5+ Re5 75. Ra2 $1 {This is the so-called Vaisser system of defence (applied by GM Anatoly Vaisser in one of his games).} Kg4 (75... Re6 76. Rg2 f3 77. Rg5+ Kf4 78. Kg1 Ra6 79. Kf2 {and Black can't make progress.}) 76. Rg2+ $1 Kh5 77. Kh3 {Black can't attack the h4 pawn and protect his g6 pawn at the same time!} Ra5 78. Rg1 Ra3+ 79. Kh2 Ra6 80. Kh3 Ra5 81. Rg2 Rc5 82. Rg1 f3 {The last attempt.} 83. Kg3 $6 (83. Rf1 $1 Rf5 (83... Rc3 {doesn't change anything}) 84. Rf2 Rf4 85. Kg3 Rf8 86. Kh3 {was much simpler}) 83... Rf5 84. Rf1 $4 {[%mdl 8192] A terrible mistake. Losing concentration at the end of the game is the main problem for Magnus (see also his game vs Radjabov).} (84. Kf2 $1 {was now the only way to a draw:} Rf6 85. Rh1 Kg4 86. Rg1+ Kxh4 87. Rh1+ Kg4 (87... Kg5 88. Rg1+ Kh6 89. Rh1+ Kg7 90. Rh3) 88. Rg1+ Kf4 89. Rg3 Ke4 90. Rg4+ Ke5 91. Rg5+ Ke6 92. Rg3 $11) 84... f2 $22 {and White must let the black king forward.} 85. Kh3 Rf3+ 86. Kg2 Kg4 87. h5 {Desperation.} Rg3+ $1 88. Kh2 (88. Kxf2 Rf3+ 89. Kg2 Rxf1 90. Kxf1 Kxh5 $19) 88... Kf3 $1 89. Ra1 Rg2+ $1 90. Kh1 (90. Kh3 Rg1) 90... Rg5 91. Ra3+ Kf4 92. Ra4+ Kg3 93. Ra3+ Kh4 (93... Kh4 94. Ra1 Rg1+ 95. Rxg1 fxg1=Q+ 96. Kxg1 Kxh5 $19) 0-1

[Event "Linares 26th"]
[Site "Linares"]
[Date "2009.03.02"]
[Round "10"]
[White "Carlsen, Magnus"]
[Black "Wang, Yue"]
[Result "0-1"]
[WhiteElo "2776"]
[BlackElo "2739"]
[Annotator "Giri,Anish"]
[PlyCount "128"]
[EventDate "2009.02.19"]
[EventType "tourn"]
[EventRounds "14"]
[EventCountry "ESP"]
[EventCategory "21"]
[SourceTitle "CBM 129"]
[Source "ChessBase"]
[SourceDate "2009.03.25"]
[SourceVersion "1"]
[SourceVersionDate "2009.03.25"]
[SourceQuality "1"]

1. d4 {Roiz,Michael} d5 2. c4 c6 3. Nc3 Nf6 4. e3 a6 5. Nf3 b5 6. b3 Bg4 7. Bd2 {A rare move, which was played by Morozevich against Ivanchuk in Corus this year. White wants to play h3-g4 chasing the bishop or exchanging it after h3 xf3.} Nbd7 {Considering the speed Wang Yue made this move we can conclude that he was ready for this rare line.} (7... e6 {is more usual.} 8. h3 Bh5 (8... Bxf3 9. Qxf3 {with the bishop pair, though Black is very solid and not without plusses.}) 9. g4 Bg6 10. Ne5 {with some initiative.}) ({RR} 7... e6 8. h3 Bf5 9. g4 Be4 10. g5 b4 11. Nxe4 Nxe4) 8. h3 Bxf3 9. Qxf3 b4 10. Na4 e5 $1 {The idea behind all of Wang's previous play. He strikes in the centre and wants to use his lead in development and the white knight on the edge of the board, which is a bad piece according to a certain Dr.Tarrasch (with whom I fully agree!).} 11. Rc1 ({RR} 11. Qd1 Bd6 ({RR} 11... Ne4 12. Bd3 Nxd2 13. Qxd2 exd4 14. O-O ({RR} 14. cxd5 cxd5 15. O-O Bd6 16. Bf5 Nf6 17. Qxd4 O-O 18. Rac1 g6 19. Bd3) 14... Be7 15. cxd5 cxd5 16. Bf5 Rb8 17. Qxd4 Nf6 18. Rac1 O-O 19. Rc6) 12. Bd3 ({RR} 12. c5 Bc7 13. Bxb4 ({RR} 13. Bd3 O-O 14. O-O a5 15. a3 Qb8) 13... O-O 14. Be2 Ne4 15. O-O exd4 16. exd4 Qh4 17. Qd3 Rfe8 18. Be1 Nf8) 12... O-O 13. O-O a5 14. cxd5 ({RR} 14. Qc2 Qe7 15. Rfc1 Rfe8 16. cxd5 cxd5 17. Qc6 Ra7) 14... cxd5 15. dxe5 Bxe5 ({RR} 15... Nxe5 16. Bb5 Qe7 17. Qe2 Ne4 ({RR} 17... Ng6) 18. Rfd1 Ng6 19. Be1 Rad8 20. Rac1 Qe5 21. f4 Qe6) 16. Rc1 Qe7 17. Rc2 ({RR} 17. Rc6 Bb8 18. Bb1 Ne5) ({RR} 17. Qc2 Rad8 18. Rfd1 Bd6 19. Bf1 Ne4 20. Be1) 17... Rad8 ({RR} 17... Ne4 18. Bc1 Qe6 19. Bb2 Bxb2 20. Rxb2 Ndf6) 18. Bc1 h5 ({RR} 18... Qe6 19. Bb2 Bxb2 20. Rxb2 Ne5 21. Rc2 Rc8) 19. Bb2 ({RR} 19. Bb5 Bb8 20. Bb2 Qd6 21. f4 Ba7 22. Bd4 Bxd4 23. Qxd4 Rc8 24. Rfc1 Rxc2 25. Rxc2 Rb8 26. Be2 h4 27. Bf3 Re8) 19... Bxb2 20. Rxb2 Nc5 ({RR} 20... Ne5 21. Rc2 Rc8 22. Be2 g6 23. Qc1 Rxc2 24. Qxc2 Rd8 25. Rc1 Ne4) 21. Nxc5 Qxc5 22. Rd2 ({RR} 22. Rc2 Qe7 23. Qc1 d4 24. e4 ({RR} 24. Rc7 Qd6 25. e4 Rfe8 26. Qc4)) 22... Qe7 23. Qe2 ({RR} 23. Rc2 Rc8 24. Qc1 Qb7 25. Rc5 g6 26. Rd1 Nd7) 23... g6 24. Rfd1 ({RR} 24. Rc1 Ne4 25. Bxe4 dxe4) 24... Rc8 ({RR} 24... Ne4 25. Bxe4 dxe4 26. Rd5 Rxd5 27. Rxd5 Rc8 28. Qd1 Qf6) 25. Rc2 Ne4 {Roiz,M (2669)-Wang,Y (2709) Ningbo 2011 CBM 144 [Roiz,Michael] ½-½ (32)} ({RR} 25... Rc3 26. Rxc3 bxc3 27. Qc2 Rc8 28. Be2 Kg7 29. Rd3 Qc5 30. Bf3 Ne4)) ({RR} 11. O-O-O Be7 12. c5 a5 13. g4 Ne4) ({RR} 11. c5 a5 12. Qd1 g6 13. Bd3 Bg7 14. O-O O-O) ({RR} 11. cxd5 cxd5 12. dxe5 Nxe5 13. Qd1 Bd6 14. Be2 O-O 15. O-O Qe7 16. Rc1 a5 17. Qc2 Rad8 18. Rfd1 Ng6 19. Be1 Qe5 20. g3 h5) 11... Bd6 $146 ({RR} 11... Ne4 12. cxd5 cxd5 13. Bd3 Ndf6 14. dxe5 Nxd2 15. Kxd2 Ne4+ 16. Ke2 Ng5 17. Qg4 Ne6 18. Rc6 Be7 19. Rxe6 fxe6 20. Qxe6 Ra7 21. Nb6 Rb7 22. Qc6+ {1-0 (22) Hawkins,J (2546)-Ghasi,A (2475) Leeds 2014}) 12. cxd5 cxd5 13. dxe5 Nxe5 14. Qd1 O-O $1 15. Be2 {the last five moves were very logical, but now Wang played} a5 {A strong and not very obvious (for me at least) move. Black protects the b4 and a6 pawns for the future.} 16. Rc2 {An interesting plan by Magnus. He wants to improve his bishop before castling.} Qe7 17. Bc1 Rad8 18. Bb2 Ng6 19. O-O {Finally when all the white pieces are more less well developed (I am not talking about Tarrasch's knight!) White castles.} Ne4 20. Bd4 Nh4 $1 {Black has an isolated pawn, but now he shows that he is also not without play.} 21. Bd3 (21. Bb6 {a computer-like move. White just wants to take everything, but Black has his own play against White's king.} Qg5 22. Bg4 (22. g4 Rc8 23. Rxc8 {and now there are a lot of ways to equalise for Black, but I will just give the nicest.} Nf3+ $5 24. Kg2 (24. Bxf3 Qe5 {with mate, even though Black is a rook and piece down!}) 24... Nh4+ {A nice perpetual.}) 22... h5 $1 23. Bxd8 Rxd8 24. f4 Qe7 25. Bxh5 Ng3 26. Re1 Nxh5 27. Qxh5 Bxf4 28. Qe2 Bg5 {With compensation for the exchange. I would prefer to play with Black here, though the position is far from clear. Those knights on h4 and a4 are not of the same value!}) 21... Nf5 22. Bb6 Rb8 {By this point White is already not fighting for the advantage.} 23. Bxe4 {It is not very good to give up your "good" bishop, but it was a very understandable decision, as the knight on e4 was really scary.} (23. Qe2 $5 {Black's threats look scary, but White can defend. And after all an isolated pawn is still there. On the other hand Black has some initiative. I would say the position is equal, but I like Black more, as some players, like me for example, prefer the initiative. Anyway, it is just a matter of taste.} Qe5 24. g3 Rfc8 25. Rxc8+ Rxc8 26. Rd1 g6 27. Qf3 h5 {Something like this could happen after 23.e2!? Black's initiative at least fully compensates for his weaknesses.}) 23... Qxe4 24. Rd2 (24. Qe2 {was safer.} Nh4 25. f3 Qg6 26. Rd2 Rfe8 {The position is approximately equal, but still Black keeps some sort of pressure, which compensates for weaknesses on d5 and a5. Only Black can be better here.}) 24... Rxb6 $1 {The bishop must be killed! Reason: He was protecting the e3 square. Poor guy...} 25. Nxb6 Qe5 (25... Nxe3 $5 {Would probably not be so great as it looks.} 26. fxe3 Qxe3+ 27. Rdf2 Qxb6 {an attempt at winning.} (27... Qg3 28. Re2 Qh2+ 29. Kf2 Qg3+ {draw.}) 28. Kh1 Qe3 29. Qf3 Qe5 30. g3 {and I think White has no problems at all.}) 26. Re1 $2 {was the first and the last mistake, though White probably made some inaccurate moves earlier.} (26. g3 $1 {holds the position.} Nxg3 27. Re1 Ne4 {Trying to play for a win.} (27... Ne2+ $5 28. Kf1 $1 {Black has nothing but a draw here.} Qh5 29. Kg2 Qg6+ 30. Kf1 Qh5 $11) 28. f4 Qe6 29. Rg2 Bc5 30. Na4 Ba7 31. Qg4 g6 32. Qxe6 fxe6 {with something like equality in this strange sharp ending.}) 26... Qh2+ 27. Kf1 Qh1+ 28. Ke2 Qxg2 29. Rxd5 Ng3+ 30. Kd3 Bc7 $1 {Wang Yue is precise!} 31. fxg3 Bxb6 32. Kc4 {Even such a brilliant move cannot help White. His king will be in trouble everywhere.} Rb8 $1 {A very strong and nice move - the b5-square is taken away from White's king!} 33. Kb5 {Everything will lose here, but this move is a blunder. It is understandable - Magnus was in time trouble and his position was very difficult.} Bd4+ $6 {Here Wang missed an opportunity to mate Magnus immediately.} (33... Bd8+ $1 {just mates.} 34. Ka6 {other moves do not help either.} Bc7 35. Qd4 Qxh3 {The queen is coming back to c8 and mate is inevitable.}) 34. Kc4 Bf6 35. Qd3 Qxg3 36. Rd1 Qc7+ 37. Rc5 Qb7 38. Qd6 $2 {Magnus had less than a minute and not surprisingly he did not find the best chance, which was given to him by Wang on move 33...} (38. Qd7 $1 {To threaten c8 with mate at some point later on.} Qe4+ 39. Rd4 Qc2+ 40. Kd5 Qg2+ 41. e4 g6 {mate on c8 was threatened.} 42. Rc8+ Rxc8 43. Qxc8+ Kg7 44. Rd3 {and it is still better for Black, but not that much anymore.}) 38... Qe4+ 39. Rd4 Qc2+ 40. Kd5 Qg2+ 41. e4 Rd8 42. Qxd8+ Bxd8 43. Rc8 g6 {The ending is easy for Black, and Wang finishes the game off nicely.} 44. Rxd8+ Kg7 45. Rd3 Qc2 46. Kd4 a4 47. bxa4 Qxa2 48. Kc5 b3 49. Rb8 b2 50. Rdb3 Qxa4 51. Rxb2 Qxe4 52. R8b3 Kh6 53. Rc3 f5 54. Rbb3 Qe5+ 55. Kc4 Kh5 56. Kd3 Kh4 57. Kd2 f4 58. Rf3 g5 59. Rfd3 Qc5 60. Rbc3 Qf2+ 61. Kd1 Qf1+ 62. Kd2 Qg2+ 63. Kd1 Qe4 64. Kd2 h5 0-1

[Event "Linares 26th"]
[Site "Linares"]
[Date "2009.03.03"]
[Round "11"]
[White "Ivanchuk, Vassily"]
[Black "Carlsen, Magnus"]
[Result "1/2-1/2"]
[WhiteElo "2779"]
[BlackElo "2776"]
[PlyCount "44"]
[EventDate "2009.02.19"]
[EventType "tourn"]
[EventRounds "14"]
[EventCountry "ESP"]
[EventCategory "21"]
[SourceTitle "CBM 129"]
[Source "ChessBase"]
[SourceDate "2009.03.25"]
[SourceVersion "1"]
[SourceVersionDate "2009.03.25"]
[SourceQuality "1"]

1. d4 d5 2. c4 e6 3. Nf3 Nf6 4. Nc3 Be7 5. Bg5 h6 6. Bh4 O-O 7. e3 Ne4 8. Bxe7 Qxe7 9. Rc1 c6 10. Be2 Nxc3 11. Rxc3 dxc4 12. Rxc4 Nd7 13. O-O e5 14. Qc2 exd4 15. Nxd4 Nb6 16. Rc5 Nd7 17. Ra5 Nf6 18. Rc1 $146 ({RR} 18. h3 Bd7 19. Rd1 Rfe8 20. Qc5 Qxc5 21. Rxc5 Rad8 22. Ra1 {½-½ (22) Martinovic,S (2524)-Saric,A (2541) Hum na Sutli 2013}) 18... Bg4 19. Bf1 Bd7 20. Nf3 Bg4 21. Nd4 Bd7 22. Nf3 Bg4 1/2-1/2

[Event "Linares 26th"]
[Site "Linares"]
[Date "2009.03.07"]
[Round "14"]
[White "Anand, Viswanathan"]
[Black "Carlsen, Magnus"]
[Result "1/2-1/2"]
[WhiteElo "2791"]
[BlackElo "2776"]
[PlyCount "57"]
[EventDate "2009.02.19"]
[EventType "tourn"]
[EventRounds "14"]
[EventCountry "ESP"]
[EventCategory "21"]
[SourceTitle "CBM 129"]
[Source "ChessBase"]
[SourceDate "2009.03.25"]
[SourceVersion "1"]
[SourceVersionDate "2009.03.25"]
[SourceQuality "1"]

1. d4 Nf6 2. c4 g6 3. f3 Nc6 4. Nc3 d5 5. cxd5 Nxd5 6. e4 Nxc3 7. bxc3 e5 8. Bb5 Bd7 9. Ne2 Bg7 10. Be3 O-O 11. d5 Na5 12. Bd3 b6 $146 ({RR} 12... Qe7 13. O-O c5 14. c4 b6 15. Nc3 f5 16. exf5 gxf5 17. Qd2 Nb7 18. a4 Rae8 19. Rae1 Nd6 20. f4 e4 21. Be2 Bf6 22. a5 Qg7 23. Rc1 Kh8 24. Rfd1 Rg8 25. Bf1 Rb8 26. Rc2 Rb7 27. axb6 {Nikolov,M (2585)-Mchedlishvili,M (2609) Baku 2016 0-1 (47)}) 13. O-O Nb7 14. c4 c5 15. dxc6 Bxc6 16. Nc3 Bd7 17. Nd5 Be6 18. Qd2 Rc8 19. Rfc1 f6 20. Kh1 Kh8 21. Rab1 Rf7 22. Qe2 Bf8 23. Bd2 Bd6 24. Bc3 Kg8 25. Qd2 Qf8 26. Be2 Rd8 27. Rd1 Rc8 28. Rdc1 Rd8 29. Rd1 1/2-1/2